Statistics for Animals By Picture - Letter A - Secret Surprise

Click here to take the quiz!

General Stats

  • This quiz has been taken 52 times
  • The average score is 10 of 15

Answer Stats

Answer% Correct
All.
100%
Hello
91%
Then
79%
And GG on the quiz.
74%
Wasted
74%
Your
70%
Reading
68%
You're
66%
Of
64%
If
62%
Three
60%
You
60%
Minutes
49%
This
47%
Life!
34%

Score Distribution

Percentile by Number Answered

Percent of People with Each Score

Your Score History

You have not taken this quiz